| 000 | 00540 a2200217 4500 | ||
|---|---|---|---|
| 005 | 20250328130028.0 | ||
| 008 | 250328b |||||||| |||| 00| 0 eng d | ||
| 020 |
_a9780729543194 _cUSD 61.95 |
||
| 040 | _aMAIN | ||
| 082 |
_a612 _bT596A |
||
| 100 | _aTomkins, Zerina | ||
| 110 | _a | ||
| 245 | _aApplied anatomy and physiology:An interdisciplinary approach | ||
| 260 |
_bElsevier _c2020 _aAustralia |
||
| 300 | _axix, 432 | ||
| 650 | _aAnatomy | ||
| 650 | _aPhysiology | ||
| 650 | _aGenes | ||
| 650 | _aGenomics | ||
| 942 | _cBK | ||
| 999 |
_c361498 _d361498 |
||